000 01004nam a22002657a 4500
003 OSt
005 20260303133933.0
008 210129b 2020 dr 00| 0 eng d
020 _a9789945096095
040 _aDO-SdBNP
_bspa
_cBNPHU
082 4 _aRD867.44
_bU81m
_222
100 1 _aUrraca, Josè Luis
_977712
_d1964-
245 1 0 _aMis anécdotas al vuelo /
_cJosè Luis Urraca ; ed. Ramòn Saba ; Diseño de portada, Ezequiel Martìnez.
260 _aSanto Domingo :
_bSoto Impresora,
_c2020.
300 _a54 p. ;
_c24 cm
500 _aIncluye datos biográficos del autor en la solapa de la contracubierta.
590 _aInventariado, 2021 / DG
650 0 _aHumorismo dominicano
_9275
650 4 _aSátira dominicana
_922186
651 4 _aRepública Dominicana
_xAnécdotas, chistes, sátiras, etc.
_922185
700 _aSaba, Ramòn
_eEditor
_971165
700 _aMartìnez, Ezequiel
_eDiseño de portada
_977713
910 _aInventariado, 2021 / DG/Validado. Control de calidad MFF
942 _2ddc
_cLBS1
999 _c49343
_d49343